000 00757nam a2200193 a 4500
008 120416s1973 ||||||||||||||||| || u
020 _a0853345724
050 _aTA 439 Orc
100 _aOrchard, Dennis Frank
245 1 0 _aConcrete technology. (3rd ed.)
250 _a3rd ed.
260 _aLondon:
_bApplied Science Publishers
_c1973
300 _a2v. : ill.
350 _a0.00
650 _aBUILDING
650 _aCONCRETE CONSTRUCTION
995 _aANNEX COLLECTION (Main Library)
_D0.00
_e714720
_FCBU-MAIN LIBRARY (Kitwe)
_H1
_I18.00
_jTA 439 Orc
_UAVAILABLE
_y013455
_ZAnnex Low-Usage Collection
995 _aMAIN LIBRARY OPEN ACCESS
_D0.00
_e714719
_FCBU-MAIN LIBRARY (Kitwe)
_H2
_I18.00
_jTA 439 Orc
_UAVAILABLE
_y013454
_ZMain Library Open Access Collection
999 _c79729
_d79729